Introduction to podopediatrics

Saved in:
Bibliographic Details
Other Authors Thomson, Peter (Editor), Volpe, Russell G. (Editor), Wernick, Justin (wfw)
Format Book
LanguageEnglish
Published Edinburgh : Churchill Livingstone, 2001
Edition2nd ed.
Subjects
ISBN0-443-06208-0
Physical Descriptionxv, 371 s. : il. ; 26 cm

Cover

LEADER 00000cam a2200000 a 4500
001 103797
003 CZ-ZlUTB
005 20260325101521.0
007 ta
008 010806s2001 xxka f 001 0 eng
020 |a 0-443-06208-0  |q (váz.) 
040 |a CaOTU  |b cze  |c UKM  |d OCLCQ  |d ZLD002 
072 7 |a 616-053.2  |x Pediatrie  |2 Konspekt  |9 14 
080 |a 616-053.2  |2 MRF 
080 |a 617.586  |2 MRF 
080 |a (082)  |2 MRF 
245 0 0 |a Introduction to podopediatrics /  |c edited by Peter Thomson, Russell G Volpe ; foreword by Justin Wernick 
250 |a 2nd ed. 
260 |a Edinburgh :  |b Churchill Livingstone,  |c 2001 
300 |a xv, 371 s. :  |b il. ;  |c 26 cm 
504 |a Obsahuje bibliografické odkazy a rejstřík 
650 0 7 |a pediatrie  |7 ph115705  |2 czenas 
650 0 7 |a nemoci nohou  |7 ph182391  |2 czenas 
650 0 7 |a podiatrie  |7 ph640701  |2 czenas 
650 0 9 |a pediatrics  |2 eczenas 
650 0 9 |a foot diseases  |2 eczenas 
653 |a podopediatrie 
655 7 |a sborníky  |7 fd163935  |2 czenas 
655 9 |a papers of several authors  |2 eczenas 
700 1 |a Thomson, Peter  |4 edt 
700 1 |a Volpe, Russell G.  |4 edt 
700 1 |a Wernick, Justin  |4 wfw 
910 |a ZLD002 
942 |2 udc 
952 |0 0  |1 0  |4 0  |6 616INTRODUCTION  |7 0  |8 BOOK  |9 164381  |a UTBZL  |b UTBZL  |c 030  |d 2021-08-24  |l 0  |o 616/INTRODUCTION  |p 420010188033  |r 2021-08-24 00:00:00  |v 2188.00  |w 2021-08-24  |y 05 
992 |a BK  |b SK 
999 |c 103797  |d 103797